000 00704nam a2200265Ia 4500
001 14023
005 20240113235515.0
007 ta
008 051118s1982 a g b000 u 465 u
040 _aCotton College,Assam
041 _a465
082 _a511.33
_bSa 74 St
100 _aSharma, J.N. .
245 0 _aSpecial Functions /
_cJ.N.Sharma & R.K.Gupta.
_hTextual Documents
250 _a6th Rev.ed. /
260 _aMeerut :
_bKrishna Prakashan Mandir ,
_c1982.
300 _a204p. :
_bill ;
_c22cm .
653 _aMathematics
653 _aSpecial Functions
653 _aG-Mathematics
700 _aGupta, R.K..
942 _2ddc
_cBK
999 _c14009
_d14009